000 01166nam a2200253 a 4500
001 81500
003 BD-RjUL
005 20230607120641.0
008 230601s2017 bg ||||| |||| 00| 0 ben d
020 _a9788129532503
035 _a(BD-RjUL)81500
040 _aBD-RjUL
_beng
_cBD-RjUL
041 _aben
082 _223
_a891.4408
_bMUS 2017
100 _aমুখোপাধ্যায়, সুভাষ
_97824
245 1 0 _aসুভাষ মুখোপাধ্যায়ের গদ্যসংগ্রহ /
_cসুভাষ মুখোপাধ্যায় ; সম্পাদনা সুবীর রায়চৌধুরী, অমিয় দেব
260 _aকলকাতা :
_bদে'জ পাবলিশিং,
_c২০১৭
505 _aখণ্ড. ১ম বাংলা আমার বাংলা --
650 _aবাংলা সাহিত্য
_xসংগৃহীত রচনাসমূহ
_97825
650 _aBangali Literature
_xCollected Works
_97826
700 _aরায়চৌধুরী, সুবীর
_97827
700 _aদেব, অমিয়
_97828
942 _2ddc
_cBK
999 _c81500
_d81500